000 01611 a2200241 4500
003 Nust
005 20170207154206.0
010 _a 81023774
020 _a0030592461
040 _cNust
082 0 0 _a621.3815324
100 1 _aVan Valkenburg, M. E.
245 1 0 _aAnalog filter design /
_cM.E. Van Valkenburg.
260 _aNew York :
_bHolt, Rinehart, and Winston,
_cc1982.
300 _axi, 608 p. :
_bill. ;
_c25 cm.
440 0 _aHRW series in electrical and computer engineering
500 _aIntroduction (Page-1) Resistor Operational Amplifier Circuits (Page-15) Bilinear Transfer Functions and Frequency Response (Page-53) Cascade Design with First-Order Circuits (Page-85) The Biquad Circuit (Page-119) Butterworth Lowpass Filters (Page-157) Butterworth Bandpass Filters (Page-189) The Chebyshev Response (Page-223) Sensitivity (Page-261) Delay Filters (Page-279) Frequency Transformations (Page-299) Highpass and Band-Elimination Filters (Page-323) Inverse Chebyshev and Cauer Filters (Page-365) Propotoype and Frequency Transformed Ladders (Page-399) Ladder Design with Simulated Elements (Page-429) Leapfrog Simulation of Ladders (Page-459) Switched-Capacitor Filters (Page-487) Delay Equalization (Page-523) Op Amp Oscillators (Page-549) Better Op-Amp Models (Page-571)
538 _aAlmirah No. 130 and Shelf No. 3
650 0 _aElectric filters, Active.
650 0 _aOperational amplifiers.
856 4 2 _3Publisher description
_uhttp://www.loc.gov/catdir/enhancements/fy0640/81023774-d.html
856 4 2 _3Table of contents only
_uhttp://www.loc.gov/catdir/enhancements/fy0640/81023774-t.html
942 _2ddc
_cBK
999 _c194876
_d194876